Αρχαιομετρία : μέθοδοι χρονολόγησης στην αρχαιολογία
Αποθηκεύτηκε σε:
| Κύριος συγγραφέας: | |
|---|---|
| Μορφή: | Βιβλίο |
| Γλώσσα: | Greek |
| Δημοσίευση: |
Αθήνα :
Καρδαμίτσας,
1994.
|
| Έκδοση: | 2η έκδ., διορθ. |
| Θέματα: | |
| Ετικέτες: |
Προσθήκη ετικέτας
Δεν υπάρχουν, Καταχωρήστε ετικέτα πρώτοι!
|
MARC
| LEADER | 00000cam a2200000 i 4500 | ||
|---|---|---|---|
| 001 | 1/66893 | ||
| 008 | 990119s1994 gr | ||| |||| ||gre|| | ||
| 020 | |a 9607262956 | ||
| 035 | |l 10047383 | ||
| 040 | |a GR-MyUa |b gre |e AACR2 | ||
| 041 | 0 | |a gre | |
| 082 | 7 | |a 930.10285 |2 (23) | |
| 082 | 7 | |a 930.10285 |2 (22) | |
| 100 | 1 | |a Λυριτζής, Ιωάννης. | |
| 245 | 1 | 0 | |a Αρχαιομετρία : |b μέθοδοι χρονολόγησης στην αρχαιολογία / |c Γιάννης Λυριτζής. |
| 250 | |a 2η έκδ., διορθ. | ||
| 260 | |a Αθήνα : |b Καρδαμίτσας, |c 1994. | ||
| 300 | |a 269 σ. ; |c 24 εκ. | ||
| 650 | 0 | |a Archaeometry. | |
| 650 | 0 | |a Archaeological dating. | |
| 852 | |a INST |b RHODES |e 19990119 |h 930.10285 ΛΥΡ |p 005400005742 |q 005400005742 |t BK |y 0 | ||
| 852 | |a INST |b RHODES |e 19990119 |h 930.10285 ΛΥΡ |p 005400005743 |q 005400005743 |t BK |y 0 | ||
| 852 | |a INST |b RHODES |e 19990119 |h 930.10285 ΛΥΡ |p 005400005744 |q 005400005744 |t BK |y 0 | ||
| 852 | |a INST |b RHODES |e 20000420 |h 930.10285 ΛΥΡ |p 005400013594 |q 005400013594 |t BK |y 0 | ||
| 852 | |a INST |b RHODES |e 20010322 |h 930.10285 ΛΥΡ |p 005400017180 |q 005400017180 |t BK |y 0 | ||
| 852 | |a INST |b SYROS |e 20200907 |h 930.1028 ΛΥΡ |p 005500014829 |q 005500014829 |t BK |y 0 | ||
| 901 | |a BIBL-1999-1 | ||
| 922 | |a 4ΕΛΗ |b 199811 |c ΚΠΣ/ΜΣ |d EMVASIS | ||
| 922 | |a 4ΔΩΡ |b 200004 |c ΔΩΡΕΑ/ΜΣ | ||
| 970 | |a ΚΟΥΛΑΚΙΟΤΗ |b ΛΙΤΣΑ |z 2000/04/20 | ||